Prentice Hall science explorer : Weather and climate

Includes: Teaching support, Labs and Projects, Reading and Review, Assessment, Enrichment, Interdisciplinary Explorations.

保存先:
書誌詳細
フォーマット: 図書
言語:Undetermined
出版事項: Boston, MA. Pearson Prentice Hall 2005
主題:
タグ: タグ追加
タグなし, このレコードへの初めてのタグを付けませんか!
Thư viện lưu trữ: Trung tâm Học liệu Trường Đại học Cần Thơ
LEADER 00714nam a2200205Ia 4500
001 CTU_113069
008 210402s9999 xx 000 0 und d
020 |c 493000 
082 |a 507.8 
082 |b P927 
245 0 |a Prentice Hall science explorer : 
245 0 |b Weather and climate 
260 |a Boston, MA. 
260 |b Pearson Prentice Hall 
260 |c 2005 
520 |a Includes: Teaching support, Labs and Projects, Reading and Review, Assessment, Enrichment, Interdisciplinary Explorations. 
650 |a Science,Scientific recreations,Science museums 
650 |x Experiments,Juvenile literature,Educational aspects 
904 |i Minh 
980 |a Trung tâm Học liệu Trường Đại học Cần Thơ